Guía de aves acuáticas : (Registro nro. 19209)

Detalles MARC
000 -CABECERA
Campo de control 01107nam a2200265 a 4500
005 - FECHA Y HORA DE LA ULTIMA TRANSACCION
Campo de control 20170712100138.0
008 - ELEMENTOS DE LONGITUD FIJA—INFORMACION GENERAL
Campo de control 161229s2005 ck a||||r|||| 00| 0 spa d
020 ## - ISBN
ISBN 9589675425
040 ## - FUENTE DE CATALOGACIÓN
Agencia catalogadora original CO-BoIAVH
Agencia transcriptora CO-BoIAVH
041 0# - IDIOMA
Código de idioma para texto/pista de sonido o título separado Español
044 ## - PAÍS DE PUBLICACIÓN
País de publicación Colombia
082 04 - NUMERO DE CLASIFICACION DECIMAL DEWEY
Número de clasificación 598.4
Número del ítem D94g
090 ## - CLASIFICACIÓN LOCAL
Colección FG-
100 1# - ASIENTO PRINCIPAL--NOMBRE PERSONAL
Nombre personal Duque Montoya, Diego
Término relacionado autor
9 (RLIN) 19420
110 ## - ASIENTO PRINCIPAL--NOMBRE CORPORATIVO
Nombre corporativo o de jurisdicción como elemento de entrada Corporación Autónoma Regional del Quindio
9 (RLIN) 82464
245 10 - MENCION DE TITULO
Título Guía de aves acuáticas :
Parte restante del título Río la Vieja
Mención de responsabilidad Diego Duque Montoya ; ilustraciones María Victoria González López
260 ## - PUBLICACION, DISTRIBUCION, ETC. (PIE DE IMPRENTA)
Lugar de publicación, distribución, etc. Armenia (Colombia) :
Nombre del editor, distribuidor, etc. Corporación Autónoma Regional de Quíndio,
Fecha de publicación, distribución, etc. 2005.
300 ## - DESCRIPCION FISICA
Extensión 58 páginas :
Otros detalles físicos ilustraciones a color ;
Dimensiones 19 x 11 cm.
504 ## - NOTA DE BIBLIOGRAFIA, ETC.
Nota de bibliografía Incluye referencias bibliográficas.
650 26 - ASIENTO SECUNDARIO DE MATERIA - TERMINO TEMATICO
Término temático o nombre geográfico como elemento de entrada Aves acuáticas
Subdivisión geográfica Río la Vieja (Colombia)
Subdivisión de forma ilustraciones
-- Guía
9 (RLIN) 82465
650 26 - ASIENTO SECUNDARIO DE MATERIA - TERMINO TEMATICO
Término temático o nombre geográfico como elemento de entrada Aves acuáticas
Subdivisión geográfica Río la Vieja (Colombia)
Subdivisión general Taxonomía
Subdivisión de forma Guía
9 (RLIN) 82466
650 26 - ASIENTO SECUNDARIO DE MATERIA - TERMINO TEMATICO
Término temático o nombre geográfico como elemento de entrada Aves acuáticas
Subdivisión geográfica Río la Vieja (Colombia)
Subdivisión general Censos poblacionales
9 (RLIN) 82467
700 1# - ASIENTO SECUNDARIO - NOMBRE PERSONAL
Nombre personal González López, María Victoria
Término de relación ilustradora
9 (RLIN) 82468
942 ## - ELEMENTOS ADICIONALES (KOHA)
Sistema de clasificación Local
Tipo de ítem Folleto
Existencias
Withdrawn status Lost status Sistema de Clasificación Damaged status No para préstamo Colección Inventariado Ubicación Permanente Ubicación actual Fecha de adquisición Fuente de Valor Valor Total Checkouts Número topográfico Inventario / Código de Barras Date last seen Ejemplar Price effective from Forma de adquisición Tipo de material
    Dewey Decimal Classification     General Inventariado 2017 Bogotá Bogotá 29/12/2016 Instituto 15000.00   LB-598.4 D94g 040913 29/12/2016 Ej. 1 29/12/2016 Donación Libro
    Dewey Decimal Classification     General   Bogotá Bogotá 06/06/2017       LB-598.4 D94g 041349 06/06/2017 Ej. 2 06/06/2017 Donación Libro
    Dewey Decimal Classification     General   Bogotá Bogotá 09/12/2019       LB-598.4 D94g 034641 09/12/2019 Ej.3 09/12/2019 Donación Libro